000 00322nam a22001337a 4500
020 _a81-7108-365-X
082 _a920
_bMON/N
100 _aMONIZ,JOHN
245 _aMOTHER AND THE MAHATMA
260 _aMUMBAI
_bBETTER YOURSELF BOOKS
300 _a185
650 _aSERVICES OF MAHATMA & MOTHER THERESA
_zMUMBAI
942 _cBK
999 _c5777
_d5777